Sesso è una parola buffa : un libro sul corpo, i sentimenti e te! /

Il volume è un testo di educazione sessuale da leggere insieme a bambini e ragazzi dai 7 ai 12 anni. Esplora il complesso mondo della sessualità, e lo fa con uno stile chiaro, semplice, e molto divertente. Con il linguaggio fresco e colorato del fumetto, gli autori mettono in striscia cambiamenti fi...

সম্পূর্ণ বিবরণ

সংরক্ষণ করুন:
গ্রন্থ-পঞ্জীর বিবরন
প্রধান লেখক: Silverberg, Cory (লেখক), Smyth, Fiona (লেখক)
অন্যান্য লেখক: Magnoni, Daniela (অনুবাদক)
বিন্যাস: গ্রন্থ
ভাষা:ইতালিয়
প্রকাশিত: Firenze : Terra Nuova, 2017
বিষয়গুলি:
ট্যাগগুলো: ট্যাগ যুক্ত করুন
কোনো ট্যাগ নেই, প্রথমজন হিসাবে ট্যাগ করুন!

MARC

LEADER 00000nam a22000007i 4500
001 IT\ICCU\VIA\0342057
003 ItRI
005 20260115232132.0
008 171211s2017 it |||||| ||||| |||||c
020 |a 9788866813330 
040 |b ita  |c importazione bologna sebina 
041 7 |a ita  |2 ISO-639-2 
082 |a 613.9  |9 CONTROLLO DELLE NASCITE  |2 14 
100 1 |a Silverberg, Cory  |0 IT\ICCU\LIGV\003947  |4 aut 
240 1 0 |a Sex is a funny word  |3 IT\ICCU\TSA\1778431  |9 Silverberg, Cory 
245 1 0 |a Sesso è una parola buffa :  |b un libro sul corpo, i sentimenti e te! /  |c Cory Silverberg e Fiona Smyth ; traduzione di Daniela Magnoni. 
260 |a Firenze :  |b Terra Nuova,  |c 2017 
300 |a 157 p. :  |b ill. ;  |c 23 cm 
520 |a Il volume è un testo di educazione sessuale da leggere insieme a bambini e ragazzi dai 7 ai 12 anni. Esplora il complesso mondo della sessualità, e lo fa con uno stile chiaro, semplice, e molto divertente. Con il linguaggio fresco e colorato del fumetto, gli autori mettono in striscia cambiamenti fisici ed emotivi, la riscoperta di se stessi, il toccare e il toccarsi, le prime cotte e, con estrema delicatezza, alcune indicazioni per difendersi dagli abusi. 
650 7 |a Sesso  |x Manuali 
700 1 |a Magnoni, Daniela  |0 IT\ICCU\CFIV\160290  |4 trl 
700 1 |a Smyth, Fiona  |0 IT\ICCU\LIGV\003949  |4 aut 
942 |2 ddc  |c BK  |n 0 
952 |0 0  |1 0  |4 0  |6 R_613_907000000000000_SIL  |7 0  |9 20658  |a BO  |b BO  |d 2026-01-15  |i 18841  |l 0  |o R 613.907 SIL  |p BO18841  |r 2026-01-15 23:21:32  |w 2026-01-15  |x [Sebina 5] [1 v.]  |y BK  |z 1 v. 
999 |c 17644  |d 17644